|
|
|
|
| LEADER |
00000nab a2200000 a 4500 |
| 001 |
vtls000672975 |
| 003 |
SK-MaSNL |
| 005 |
20260304181443.0 |
| 008 |
250426c1998 xo 0 slo |
| 015 |
|
|
|a SNBRB1998/10-27294
|
| 035 |
|
|
|a CLN000025151
|
| 035 |
|
|
|a urn:nbn:sk:snk-ab7ebx
|
| 035 |
|
|
|a (uuid)a51fa82c-b9d7-49ab-a773-3a610c8878bc
|
| 035 |
|
|
|a (urnnbn)urn:nbn:sk:snk:ar-a07wtk
|
| 035 |
|
|
|a (sysno)vtls000672975
|
| 040 |
|
|
|a SNKBUCL
|b slo
|c SNKBUCL
|e AACR2
|
| 041 |
0 |
|
|a slo
|
| 044 |
|
|
|a xo
|c SK
|
| 080 |
|
|
|a 82:05(438)
|2 1997
|
| 080 |
|
|
|a 05(438)
|2 1997
|
| 080 |
|
|
|a 82.035:885.4
|2 1997
|
| 080 |
|
|
|a 885.4.035
|2 1997
|
| 100 |
1 |
|
|a Zaťková, Gabriela
|4 aut
|9 12223
|
| 245 |
1 |
0 |
|a Poľská prezentácia mladých slovenských literárnych barbarov
|c Gabriela Zaťková
|
| 300 |
|
|
|b Fotogr.
|
| 630 |
0 |
7 |
|a Fa-art (časopis)
|y 1997
|x č. 2-3
|x literatúra slovenská
|x prezentácia
|2 snkbucl
|9 1391561
|
| 650 |
0 |
7 |
|a slovenská literatúra
|2 snkbucl
|9 1115
|
| 650 |
0 |
7 |
|a literárny preklad
|2 snkbucl
|9 28595
|
| 650 |
0 |
7 |
|a preklady do poľštiny
|2 snkbucl
|9 81646
|
| 655 |
|
7 |
|a články z novín a časopisov
|2 snkbucl
|9 267496
|
| 773 |
0 |
|
|t Literika
|g Roč. 3, č. 3 (1998), s. 135-138
|x 1335-180X
|
| 850 |
|
|
|a Slovenská národná knižnica
|
| 852 |
|
|
|a Slovenská národná knižnica
|
| 954 |
|
|
|a odborná, vedecká literatúra pôvodná (slovenská)
|2 lita
|
| 958 |
|
|
|a article27
|
| 958 |
|
|
|a LX
|
| 958 |
|
|
|a SK
|
| 958 |
|
|
|a PL
|
| 958 |
|
|
|a OND
|
| 958 |
|
|
|a EUIPO
|
| 999 |
|
|
|c 3024113
|d 3026043
|